Los inventos de Torres Quevedo / (Record no. 138113)

MARC details
000 -LEADER
campo de control de longitud fija 00738nam a2200205 i 4500
001 - NÚMERO DE CONTROL
campo de control 138113
003 - IDENTIFICADOR DE NÚMERO DE CONTROL
campo de control ES-MaACL
005 - FECHA Y HORA DE LA ÚLTIMA TRANSACCIÓN
campo de control 20250902103606.0
007 - CAMPO FIJO DE DESCRIPCIÓN FÍSICA--INFORMACIÓN GENERAL
campo de control de longitud fija t|
008 - DATOS DE LONGITUD FIJA--INFORMACIÓN GENERAL
campo de control de longitud fija 070214s1914 sp a |||| | spa d
100 1# - ENTRADA PRINCIPAL--NOMBRE DE PERSONA
Nombre de persona Sánchez Pérez, José Augusto.
9 (RLIN) 102843
245 14 - MENCIÓN DEL TÍTULO
Título Los inventos de Torres Quevedo /
Mención de responsabilidad, etc. José Augusto Sánchez Pérez.
260 ## - PUBLICACIÓN, DISTRIBUCIÓN, ETC.
Lugar de publicación, distribución, etc. Madrid :
Nombre del editor, distribuidor, etc. Sociedad Matemática Española,
Fecha de publicación, distribución, etc. 1914 (
Fabricante Imp. de Eduardo Arias)
300 ## - DESCRIPCIÓN FÍSICA
Extensión 24 p. :
Otras características físicas il. ;
Dimensiones 24 cm.
596 ## - NOTA AL PIE DE IMPRENTA
NOTA AL PIE DE IMPRENTA Publ. por la Revista de la Sociedad Matemática Española.
600 14 - PUNTO DE ACCESO ADICIONAL DE MATERIA--NOMBRE DE PERSONA
Nombre de persona Torres Quevedo, Leonardo,
Fechas asociadas al nombre 1852-1936
9 (RLIN) 111002
710 2# - ENTRADA AGREGADA--NOMBRE DE ENTIDAD CORPORATIVA
Nombre de entidad corporativa o nombre de jurisdicción como elemento de entrada Real Sociedad Matemática Española
9 (RLIN) 6404
852 ## - LOCALIZACIÓN
Ubicación ES-MaACL
Número de control de estantería T-1432-F-14
Holdings
Estatus retirado Estado de pérdida Estado de daño No para préstamo Colección Biblioteca de origen Biblioteca actual Ubicación en estantería Fecha de adquisición Fuente de adquisición Total de préstamos Signatura topográfica completa Código de barras Visto por última vez Precio de reemplazo Tipo de ítem Koha
        Colección de folletos Biblioteca del Ateneo de Madrid Biblioteca del Ateneo de Madrid Depósito folletos 17/01/2008     T-1432-F-14 1143717 23/02/2023 23/02/2023 Folleto